000 00487nam a2200145Ia 4500
008 100122s9999 xx 000 0 und d
082 _b531
_a821.09
100 _aआळतेकर माधव दा
245 _aकालिदासाची सृष्टि
260 _bमा दा आळतेकर
_c1937
300 _a276
630 _aकालिदासाची सृष्टि
730 _aकालिदासाची सृष्टि
942 _cBOOK
999 _c395708
_d395705